[Event "Cambridge Int Open 2023"]
[Site "Cambridge ENG"]
[Date "2023.02.15"]
[Round "1.29"]
[White "Zhu, Pengxiao"]
[Black "Walker, Martin G"]
[Result "1-0"]
[BlackTitle "FM"]
[WhiteElo "1437"]
[BlackElo "2133"]
[WhiteFideId "499307"]
[BlackFideId "410969"]
[EventDate "2023.02.15"]

1. d4 Nf6 2. c4 g6 3. Nc3 d5 4. Bf4 Bg7 5. e3 c5 6. Nf3 O-O 7. Be2 cxd4 8. exd4
Nc6 9. O-O Bg4 10. c5 Ne4 11. Be3 Qd7 12. Rc1 Bxf3 13. Bxf3 f5 14. Qb3 e6 15.
Bxe4 fxe4 16. Rfd1 Rf5 17. Ne2 Raf8 18. Ng3 R5f6 19. Qc3 Qf7 20. Qd2 a5 21. a3
a4 22. Rf1 Qc7 23. Qd1 Qa5 24. Qe1 R6f7 25. Qxa5 Nxa5 26. Rfd1 Ra8 27. Rc3 Rd7
28. Rc2 Nc6 29. Ne2 Rdd8 30. Nc3 h6 31. Nb5 Rd7 32. Nc3 Kf7 33. f3 exf3 34. Rf2
Ke7 35. Rxf3 Rf8 36. Rxf8 Kxf8 37. Nxa4 Ke7 38. Nb6 Rd8 39. b4 e5 40. dxe5 d4
41. Bf4 Nxe5 42. Re1 d3 43. Bxe5 1-0

[Event "Cambridge Int Open 2023"]
[Site "Cambridge ENG"]
[Date "2023.02.15"]
[Round "1.30"]
[White "Payne, Matthew J"]
[Black "Keerthi Kumar, Advait"]
[Result "1-0"]
[WhiteElo "2104"]
[BlackElo "1483"]
[WhiteFideId "417084"]
[BlackFideId "498033"]
[EventDate "2023.02.15"]

1. e4 c5 2. Nc3 Nc6 3. Bb5 g6 4. Bxc6 dxc6 5. f4 Bg7 6. d3 c4 7. Nf3 cxd3 8.
cxd3 Nf6 9. O-O O-O 10. Qe2 Bg4 11. h3 Bxf3 12. Rxf3 Re8 13. Be3 e5 14. fxe5
Rxe5 15. Raf1 h6 16. d4 Re7 17. Rxf6 Bxf6 18. Rxf6 Kg7 19. Qf2 Qd7 20. e5 Rae8
21. Qh4 Rh8 22. Ne4 b6 23. Rd6 Qb7 24. Qf6+ Kh7 25. Bxh6 Rg8 26. Qh4 1-0

[Event "Cambridge Int Open 2023"]
[Site "Cambridge ENG"]
[Date "2023.02.15"]
[Round "1.31"]
[White "Sefton, Adam"]
[Black "Fava, Lorenzo"]
[Result "1-0"]
[WhiteElo "1529"]
[BlackElo "2089"]
[WhiteFideId "343400965"]
[BlackFideId "2837434"]
[EventDate "2023.02.15"]

1. Nf3 g6 2. e4 Bg7 3. d4 d6 4. Nc3 Nf6 5. h3 c6 6. Be3 Qa5 7. Qd2 Nbd7 8. Bd3
e5 9. a4 O-O 10. Bh6 Bxh6 11. Qxh6 exd4 12. Nxd4 Qb4 13. Nb3 Nc5 14. Nxc5 Qxb2
15. Kd2 Qb6 16. Qg5 Kg7 17. Nb3 Qxf2+ 18. Ne2 Qb6 19. Rhf1 Nd7 20. Ng3 Qb4+ 21.
Kc1 Qc3 22. Kb1 f6 23. Qd2 Qe5 24. Qf4 Qe7 25. h4 Ne5 26. h5 Be6 27. Nd4 c5 28.
Nxe6+ Qxe6 29. Be2 d5 30. Rh1 Rh8 31. h6+ Kf7 32. exd5 Qb6+ 33. Kc1 Rhf8 34. Rf1
Kg8 35. Ne4 Kh8 36. Nxf6 Rae8 37. Rb1 Qd8 38. Rxb7 Re7 39. Qxe5 1-0

[Event "Cambridge Int Open 2023"]
[Site "Cambridge ENG"]
[Date "2023.02.15"]
[Round "1.33"]
[White "Lazarevic, Ljubica"]
[Black "Waller, Dan"]
[Result "0-1"]
[WhiteElo "1495"]
[BlackElo "2117"]
[WhiteFideId "418765"]
[BlackFideId "451053"]
[EventDate "2023.02.15"]

1. e4 c5 2. Nc3 g6 3. g3 Bg7 4. d3 Nc6 5. Bg2 d6 6. Be3 Rb8 7. Qd2 b5 8. a3 Nd4
9. h3 e6 10. f4 Ne7 11. Nf3 Nec6 12. O-O a5 13. e5 f5 14. Nxd4 Nxd4 15. Bxd4
cxd4 16. Bc6+ Bd7 17. Bxd7+ Qxd7 18. Ne2 dxe5 19. Qxa5 O-O 20. Qb4 Rfc8 21. Qb3
e4 22. dxe4 fxe4 23. Rad1 Rc4 24. Rd2 Qc6 25. Rfd1 Qc5 26. Kf1 Rf8 27. c3 d3 28.
Nd4 Bxd4 29. cxd4 Qd5 30. h4 e3 31. Rxd3 Qf3+ 0-1

[Event "Cambridge Int Open 2023"]
[Site "Cambridge ENG"]
[Date "2023.02.15"]
[Round "1.34"]
[White "Pert, Nina"]
[Black "Catabay, Rezin C"]
[Result "1-0"]
[WhiteTitle "WCM"]
[WhiteElo "2009"]
[BlackElo "1597"]
[WhiteFideId "456853"]
[BlackFideId "487686"]
[EventDate "2023.02.15"]

1. e4 e5 2. Nf3 Nf6 3. Nxe5 d6 4. Nf3 Nxe4 5. Nc3 Nf6 6. d4 d5 7. Be2 c6 8. O-O
Bd6 9. Bg5 O-O 10. Ne5 Nbd7 11. f4 Qb6 12. Kh1 Qxb2 13. Rf3 Qb6 14. Qd3 c5 15.
Nxd7 Nxd7 16. Rh3 f5 17. Nxd5 Qb2 18. Rd1 Kh8 19. Be7 Bxe7 20. Nxe7 Qb6 21. Bh5
Nf6 22. dxc5 Qxc5 23. Ng6+ hxg6 24. Bxg6+ Kg8 25. Qb3+ Nd5 26. Rh8+ Kxh8 27.
Qh3+ Kg8 28. Qh7# 1-0

[Event "Cambridge Int Open 2023"]
[Site "Cambridge ENG"]
[Date "2023.02.15"]
[Round "1.35"]
[White "Portheault, Benjamin"]
[Black "Itgelt, Khuyagtsogt"]
[Result "0-1"]
[WhiteElo "1498"]
[BlackElo "2158"]
[WhiteFideId "456373"]
[BlackFideId "4902912"]
[EventDate "2023.02.15"]

1. b3 d5 2. Bb2 Nf6 3. Nf3 g6 4. g3 Bg7 5. Bg2 O-O 6. O-O c5 7. c4 d4 8. e3 Nc6
9. exd4 cxd4 10. d3 Nd7 11. Re1 Nc5 12. Ba3 Qb6 13. Bxc5 Qxc5 14. a3 Qh5 15.
Nfd2 Qxd1 16. Rxd1 Ne5 17. Ne4 Bg4 18. Rd2 Nf3+ 19. Bxf3 Bxf3 20. Ng5 Bc6 21.
Re2 h6 22. Nh3 Bd7 23. Kg2 Bf5 24. Rd2 b5 25. f3 bxc4 26. bxc4 Rab8 27. g4 Bd7
28. Rda2 f5 29. Nf2 fxg4 30. fxg4 Bc6+ 31. Kg1 Be5 32. a4 Bf4 33. Na3 Be3 34.
Kf1 Rf4 35. Re2 Rbf8 36. Raa2 Bxa4 37. c5 Bb3 38. Rab2 Bd1 0-1

[Event "Cambridge Int Open 2023"]
[Site "Cambridge ENG"]
[Date "2023.02.15"]
[Round "1.36"]
[White "Krivenko, Dion"]
[Black "Kaushik, Madhav"]
[Result "1-0"]
[WhiteElo "2155"]
[BlackElo "1443"]
[WhiteFideId "4508378"]
[BlackFideId "499986"]
[EventDate "2023.02.15"]

1. e4 c5 2. Nf3 d6 3. d4 cxd4 4. Qxd4 Nc6 5. Qe3 g6 6. Be2 Bg7 7. O-O Nf6 8. h3
O-O 9. Rd1 Qc7 10. c4 Rd8 11. Nc3 e6 12. Qf4 a6 13. Qh4 Nd7 14. Bg5 f6 15. Be3
Nce5 16. Nd4 Nb6 17. b3 Bd7 18. f4 Nf7 19. Qf2 Nc8 20. f5 Re8 21. Bg4 e5 22. Nd5
Qd8 23. Ne6 Bxe6 24. fxe6 Ng5 25. Bxg5 fxg5 26. Qf7+ Kh8 27. Qxb7 Ra7 28. Qb8 h5
29. e7 Nxe7 30. Qxa7 hxg4 31. Nxe7 Rxe7 32. Qe3 Rf7 33. Rf1 Rf4 34. g3 Rxf1+ 35.
Rxf1 gxh3 36. g4 Kg8 37. Kh2 Qa5 38. Rf2 Qb4 39. Qd2 Qc5 40. Qd5+ 1-0

[Event "Cambridge Int Open 2023"]
[Site "Cambridge ENG"]
[Date "2023.02.15"]
[Round "1.38"]
[White "Volovich, Julia"]
[Black "Pride, Stephen C"]
[Result "1-0"]
[WhiteElo "1830"]
[BlackElo "1533"]
[WhiteFideId "447099"]
[BlackFideId "419680"]
[EventDate "2023.02.15"]

1. d4 b6 2. e4 a6 3. Nf3 d6 4. Bd3 g6 5. O-O Bg7 6. Qe2 e6 7. Re1 Bb7 8. d5 e5
9. a4 Nd7 10. a5 b5 11. c4 bxc4 12. Bxc4 Ngf6 13. Nc3 O-O 14. b4 c6 15. dxc6
Bxc6 16. Rd1 Qc7 17. Ba3 Bb5 18. Nxb5 axb5 19. Bxb5 Rfc8 20. Ba6 Rd8 21. Rac1
Qb8 22. Bc4 h6 23. Qa2 Rf8 24. Nd2 Ne8 25. Bd5 Ra7 26. Nc4 Bf6 27. Bc6 Be7 28.
b5 Nc5 29. Bxc5 dxc5 30. b6 Ra6 31. Qa4 f6 32. Qb5 Qc8 33. Bd7 Qa8 34. Be6+ Kg7
35. Rd7 1-0

[Event "Cambridge Int Open 2023"]
[Site "Cambridge ENG"]
[Date "2023.02.15"]
[Round "1.39"]
[White "Kent, Rowan"]
[Black "Pousada Garcia, Daniel"]
[Result "0-1"]
[WhiteElo "1247"]
[BlackElo "2077"]
[WhiteFideId "460931"]
[BlackFideId "2278642"]
[EventDate "2023.02.15"]

1. e4 e5 2. Nf3 Nf6 3. Nxe5 d6 4. Nf3 Nxe4 5. d4 d5 6. Bd3 Bd6 7. Nbd2 O-O 8.
O-O Bf5 9. Re1 Re8 10. c3 Nxf2 11. Kxf2 Bxd3 12. g3 Nd7 13. Qb3 Nb6 14. a4 Qf6
15. a5 Rxe1 16. Kxe1 Re8+ 17. Kf2 Re2+ 18. Kg1 Nc4 19. Qxb7 Nxd2 20. Ne5 Qf1# 0-1

[Event "Cambridge Int Open 2023"]
[Site "Cambridge ENG"]
[Date "2023.02.15"]
[Round "1.40"]
[White "Kovalskyi, Roman"]
[Black "Rastogi, Nayan Keats"]
[Result "1-0"]
[WhiteElo "2111"]
[BlackElo "1421"]
[WhiteFideId "14184214"]
[BlackFideId "343407579"]
[EventDate "2023.02.15"]

1. e4 c5 2. Nf3 d6 3. d4 cxd4 4. Nxd4 Nf6 5. Nc3 a6 6. Bg5 e6 7. f4 Qb6 8. Bxf6
gxf6 9. Qd2 Nc6 10. Nb3 Qc7 11. O-O-O b5 12. f5 h5 13. Kb1 Ne5 14. Nd4 exf5 15.
Nd5 Qd8 16. exf5 Bb7 17. Nxb5 axb5 18. Bxb5+ Bc6 19. Bxc6+ Nxc6 20. Qc3 Ne5 21.
Rhe1 Kd7 22. Qd4 Ra6 23. Qb4 Ra7 24. Qb5+ Kc8 25. Rd3 Rb7 26. Qa6 Nxd3 27. Qa8+
Rb8 28. Qc6+ 1-0

[Event "Cambridge Int Open 2023"]
[Site "Cambridge ENG"]
[Date "2023.02.15"]
[Round "1.41"]
[White "Li, Reya"]
[Black "Jermy, Jaden"]
[Result "0-1"]
[WhiteElo "1474"]
[BlackElo "1798"]
[WhiteFideId "486892"]
[BlackFideId "459496"]
[EventDate "2023.02.15"]

1. e4 c5 2. Nf3 e6 3. c3 Nf6 4. e5 Nd5 5. d4 cxd4 6. cxd4 d6 7. Bc4 Nb6 8. Bb5+
Bd7 9. Bxd7+ Qxd7 10. O-O Nc6 11. Nc3 Be7 12. Bf4 dxe5 13. dxe5 Qxd1 14. Rfxd1
O-O 15. Nd4 Nb4 16. Rac1 h5 17. h3 Rac8 18. a3 N4d5 19. Nxd5 Nxd5 20. Bg3 h4 21.
Bh2 Bg5 22. Rxc8 Rxc8 23. g4 Bc1 24. Nb5 a6 25. Nd6 Rc7 26. Rd3 Bxb2 27. Rb3 Bd4
28. Nxb7 Rc1+ 29. Kg2 Rc2 30. Bg1 Bxe5 31. Nd8 Nf4+ 32. Kh1 Rc1 33. Re3 f6 34.
g5 Kf8 35. g6 Ke7 36. Nb7 Nxg6 37. Na5 Bd4 38. Rf3 Ne5 39. Rf4 Bb6 40. Nb3 Rc3
41. Rb4 Nd7 42. Kg2 g5 43. a4 a5 44. Rb5 Rc4 45. Nxa5 Rxa4 46. Nb3 Ra2 47. Nc1
Rc2 48. Nd3 Rd2 49. Ne1 Kd6 50. Rb3 Kc6 51. Nf3 Ra2 52. Rc3+ Nc5 53. Nd4+ Kd5
54. Nc2 Ba5 55. Ne3+ Kc6 56. Rc1 f5 57. Kf1 Bd2 58. Rc2 Ra1+ 59. Kg2 Bxe3 60.
fxe3 Kd5 61. Rd2+ Ke4 62. Rc2 Nb3 63. Rc6 Ra2+ 64. Kh1 Kd5 65. Rc3 Nd2 66. Rc1
Nf3 67. Rd1+ Rd2 68. Ra1 g4 69. hxg4 fxg4 70. Ra5+ Ke4 71. Ra4+ Kf5 72. e4+ Kf4
73. e5+ Kg3 74. Ra1 h3 75. Rd1 h2 0-1

[Event "Cambridge Int Open 2023"]
[Site "Cambridge ENG"]
[Date "2023.02.15"]
[Round "1.43"]
[White "Weersing, Nathan"]
[Black "Nawalaniec, Adam"]
[Result "0-1"]
[WhiteElo "1451"]
[BlackElo "1753"]
[WhiteFideId "467936"]
[BlackFideId "21023786"]
[EventDate "2023.02.15"]

1. e4 e6 2. d4 d5 3. exd5 exd5 4. Nf3 Bd6 5. Be2 Ne7 6. Bg5 f6 7. Bh4 O-O 8. Bg3
Ng6 9. Bxd6 Qxd6 10. O-O Nc6 11. c3 Nf4 12. Bb5 Bg4 13. Nbd2 Ne7 14. c4 c6 15.
Ba4 Nf5 16. c5 Qd7 17. g3 Nh3+ 18. Kg2 Nxd4 19. Bc2 Nxf3 20. Nxf3 Ng5 21. Nxg5
Bxd1 22. Bxh7+ Kh8 23. Bg6 fxg5 24. Raxd1 Qe7 25. b4 Qf6 26. Bh5 d4 27. f4 Rad8
28. Rf3 g4 29. Bxg4 Qg6 30. h3 Qe4 31. h4 Qe2+ 32. Rf2 Qxg4 33. h5 Qxd1 0-1

[Event "Cambridge Int Open 2023"]
[Site "Cambridge ENG"]
[Date "2023.02.15"]
[Round "1.46"]
[White "Pert, Max"]
[Black "Adams, George"]
[Result "1-0"]
[WhiteElo "1793"]
[BlackElo "1494"]
[WhiteFideId "456845"]
[BlackFideId "487643"]
[EventDate "2023.02.15"]

1. d4 Nf6 2. Bg5 c5 3. Nc3 cxd4 4. Qxd4 Nc6 5. Qh4 d5 6. O-O-O e6 7. e4 Be7 8.
f4 d4 9. e5 Nd5 10. Bxe7 Ncxe7 11. Rxd4 Qa5 12. Bb5+ Kf8 13. Nxd5 Nf5 14. Ra4
exd5 15. Rxa5 Nxh4 16. g3 Nf5 17. Nf3 h5 18. Bd3 b6 19. Ra3 Ne7 20. Rc3 Bb7 21.
Rc7 Rb8 22. Nd4 Ke8 23. e6 fxe6 24. Nxe6 Kf7 25. Ng5+ Kf8 26. Re1 Nc6 27. Ne6+
Ke8 28. Bg6# 1-0

[Event "Cambridge Int Open 2023"]
[Site "Cambridge ENG"]
[Date "2023.02.15"]
[Round "1.52"]
[White "Patel, Zain"]
[Black "Walker, Heather Enid"]
[Result "1-0"]
[WhiteElo "1890"]
[BlackElo "1280"]
[WhiteFideId "469246"]
[BlackFideId "343402127"]
[EventDate "2023.02.15"]

1. d4 b5 2. e4 Nf6 3. e5 Nd5 4. Bxb5 c5 5. c4 cxd4 6. Qxd4 Nb4 7. Qe4 N8c6 8. a3
Qa5 9. Bd2 a6 10. Bxc6 dxc6 11. Bxb4 Qb6 12. Nf3 Bb7 13. O-O Rd8 14. e6 c5 15.
exf7+ Kd7 16. Bxc5 Qxb2 17. Qd4+ Qxd4 18. Nxd4 Rc8 19. Nb3 Ke6 20. Re1+ Kxf7 21.
Nc3 g6 22. Rad1 Ba8 23. Rd7 Re8 24. Nd5 Bxd5 25. cxd5 h5 26. d6 Rh7 27. dxe7 Rh8
28. exf8=Q# 1-0

[Event "Cambridge Int Open 2023"]
[Site "Cambridge ENG"]
[Date "2023.02.15"]
[Round "1.54"]
[White "Banerjee, Supratit"]
[Black "Soulier, Arne"]
[Result "1-0"]
[WhiteElo "1740"]
[BlackElo "1120"]
[WhiteFideId "2410079"]
[BlackFideId "494496"]
[EventDate "2023.02.15"]

1. e4 c5 2. c3 Nf6 3. e5 Nd5 4. d4 cxd4 5. cxd4 Nc6 6. Nf3 d6 7. Bc4 Nb6 8. Bb5
a6 9. Bxc6+ bxc6 10. exd6 exd6 11. O-O Be7 12. Nc3 O-O 13. Re1 Bg4 14. h3 Bh5
15. Bf4 Qd7 16. Bg3 Rfe8 17. Qd3 Bg6 18. Qd2 Bh5 19. Nh2 Nc4 20. Qc1 Bf6 21.
Rxe8+ Rxe8 22. b3 Nb6 23. Qd2 Qe6 24. Nf1 d5 25. Ne3 Bg5 26. Re1 Kf8 27. f4 Bd8
28. Nexd5 Qd7 29. Rxe8+ Qxe8 30. Nxb6 Bxb6 31. Bf2 Ba5 32. g4 Bg6 33. f5 Bxf5
34. gxf5 f6 35. d5 Bxc3 36. Qxc3 cxd5 37. Qc5+ Qe7 38. Qxd5 Ke8 39. Qa8+ Qd8 40.
Qxd8+ Kxd8 41. Kg2 Kd7 42. Kf3 Kd6 43. Ke4 Kc6 44. a4 Kd6 45. b4 h6 46. Bc5+ Kc6
47. Bf8 1-0

[Event "Cambridge Int Open 2023"]
[Site "Cambridge ENG"]
[Date "2023.02.15"]
[Round "2.1"]
[White "Waller, Dan"]
[Black "Dardha, Daniel"]
[Result "0-1"]
[BlackTitle "GM"]
[WhiteElo "2117"]
[BlackElo "2612"]
[WhiteFideId "451053"]
[BlackFideId "240990"]
[EventDate "2023.02.15"]

1. e4 c5 2. Nf3 d6 3. Bb5+ Bd7 4. Bxd7+ Nxd7 5. O-O Ngf6 6. c3 Nxe4 7. Re1 Nef6
8. d4 e6 9. Bf4 d5 10. Nbd2 Be7 11. h3 O-O 12. Ne5 cxd4 13. cxd4 Qb6 14. Qa4 Qb4
15. Qxb4 Bxb4 16. Rec1 Rfc8 17. Nd3 Be7 18. a4 a5 19. g4 Ne8 20. Kg2 Bd6 21. Be3
f6 22. f4 Kf7 23. h4 g6 24. Nf1 Be7 25. Ng3 Nd6 26. b3 Rab8 27. Bd2 Bd8 28. Kf3
Bb6 29. Bc3 Rc6 30. Bb2 Ba7 31. Bc3 Rbc8 32. Bb2 Nb8 33. g5 Rxc1 34. Rxc1 Nc6
35. Nc5 b5 36. gxf6 bxa4 37. bxa4 Nc4 38. Bc3 Nxd4+ 39. Bxd4 Bxc5 40. Be5 Bb6
41. Ke2 Bd8 42. Rb1 Bxf6 43. Rb7+ Be7 44. Bc7 h5 45. Nf1 Ke8 46. Nd2 Nxd2 47.
Kxd2 Bxh4 48. Bxa5 Ra8 49. Rb5 Be7 50. Bb4 Rxa4 0-1

[Event "Cambridge Int Open 2023"]
[Site "Cambridge ENG"]
[Date "2023.02.15"]
[Round "2.2"]
[White "Korneev, Oleg"]
[Black "Pert, Nina"]
[Result "1-0"]
[WhiteTitle "GM"]
[BlackTitle "WCM"]
[WhiteElo "2485"]
[BlackElo "2009"]
[WhiteFideId "4156803"]
[BlackFideId "456853"]
[EventDate "2023.02.15"]

1. e4 e6 2. d4 d5 3. Nc3 Nf6 4. Bg5 Bb4 5. e5 h6 6. Bd2 Bxc3 7. bxc3 Ne4 8. Qg4
g6 9. Qf4 c5 10. Bd3 Nxd2 11. Qxd2 c4 12. Be2 Nc6 13. f4 Qe7 14. a4 Bd7 15. Nh3
O-O-O 16. O-O Rdg8 17. Nf2 f5 18. exf6 Qxf6 19. Ng4 Qg7 20. a5 a6 21. Ne3 Rf8
22. Bg4 Ne7 23. h4 Nf5 24. Bxf5 gxf5 25. Kh2 Rhg8 26. Qf2 Rf6 27. Rg1 Rg6 28. g3
Be8 29. Rab1 Qe7 30. Rb4 Bb5 31. Nf1 Qc7 32. Nd2 Qxa5 33. Nf3 Qd8 34. Ne5 R6g7
35. Kh3 Qe8 36. Qe1 Kc7 37. Qa1 Qh5 38. Rg2 Kd6 39. Rxb5 axb5 40. Qa3+ Kc7 41.
Qc5+ Kb8 42. Qd6+ Rc7 43. Rg1 Qe8 44. Ra1 Qe7 45. Qb6 Rcc8 46. Ra7 Qg7 47. Nd7+
Qxd7 48. Qa5 Rxg3+ 49. Kxg3 Qg7+ 50. Kf2 1-0

[Event "Cambridge Int Open 2023"]
[Site "Cambridge ENG"]
[Date "2023.02.15"]
[Round "2.3"]
[White "Itgelt, Khuyagtsogt"]
[Black "Clarke, Brandon G I"]
[Result "0-1"]
[BlackTitle "IM"]
[WhiteElo "2158"]
[BlackElo "2473"]
[WhiteFideId "4902912"]
[BlackFideId "400319"]
[EventDate "2023.02.15"]

1. d4 Nf6 2. c4 g6 3. g3 Bg7 4. Bg2 d5 5. cxd5 Nxd5 6. Nf3 Nb6 7. O-O Nc6 8. e3
O-O 9. Nc3 Re8 10. d5 Nb4 11. e4 c6 12. a3 Na6 13. dxc6 Qxd1 14. Rxd1 bxc6 15.
Bf1 Nc5 16. Be3 Bxc3 17. bxc3 Nxe4 18. Ne5 Nxc3 19. Rdc1 Ncd5 20. Bd2 Bb7 21. a4
f6 22. Nxc6 Bxc6 23. Rxc6 Rac8 24. Bb5 Rxc6 25. Bxc6 Rd8 26. Rc1 Rd6 27. a5 Nd7
28. Kg2 Kf7 29. Bb7 e5 30. Rc4 f5 31. Bc1 N5f6 32. a6 Nb6 33. Rc7+ Rd7 34. Be3
Rxc7 35. Bxb6 axb6 36. a7 Rxb7 37. a8=Q Re7 38. Qc6 Re6 39. Qc7+ Ke8 40. h4 h5
41. Kf1 e4 42. Ke2 Nd7 43. Qb7 Ke7 44. Ke3 Rd6 45. Ke2 Ke6 46. f3 exf3+ 47. Kxf3
Ke5 48. Ke3 Rd3+ 49. Ke2 Rd6 50. Ke3 Nc5 51. Qb8 Kd5 52. Qa8+ Kc4 53. Qa2+ Kb5
54. Kf4 Rd4+ 55. Ke5 Rd3 56. Kf4 Rd4+ 57. Ke5 Rg4 58. Qa3 Ra4 59. Qb2+ Rb4 60.
Qe2+ Kc6 61. Qg2+ Kc7 62. Kd5 Rb3 63. Qe2 Rd3+ 64. Kc4 Kd7 65. Qe5 Rd6 66. Kb5
Ne6 67. Qa1 Nc7+ 68. Kb4 Re6 69. Kc4 Kc6 70. Kd3 Kb7 71. Qg7 Rc6 72. Qf7 b5 73.
Qe7 Kb6 74. Qf8 Kb7 75. Qe7 Re6 76. Qg7 Ra6 77. Qe5 Ra4 78. Qd6 Rg4 79. Kc3 Rc4+
80. Kb3 Rc6 81. Qd3 Re6 82. Qd4 Kc6 83. Qc3+ Kd6 84. Qb4+ Kd7 85. Qd4+ Rd6 86.
Qg7+ Kc6 87. Qc3+ Kb7 88. Qf3+ Nd5 89. Qh1 Kc7 90. Qa1 Kd7 91. Qg7+ Ne7 92. Kb4
Rd3 93. Kxb5 Rxg3 94. Qd4+ Ke8 95. Kc5 Rg4 96. Qf6 Ra4 97. Qb6 Rxh4 98. Qb8+ Kf7
99. Qb3+ Kg7 100. Qb2+ Kh7 101. Qf6 Re4 102. Kd6 h4 103. Qc3 Kh6 104. Kd7 Nd5
105. Qf3 Nf4 106. Kd6 g5 107. Qc3 Ng6 108. Qf3 Re5 109. Qf1 f4 110. Qg2 Re3 111.
Qg4 h3 112. Qg1 Kh5 0-1

[Event "Cambridge Int Open 2023"]
[Site "Cambridge ENG"]
[Date "2023.02.15"]
[Round "2.4"]
[White "Bosiocic, Marin"]
[Black "Krivenko, Dion"]
[Result "1-0"]
[WhiteTitle "GM"]
[WhiteElo "2564"]
[BlackElo "2155"]
[WhiteFideId "14507927"]
[BlackFideId "4508378"]
[EventDate "2023.02.15"]

1. Nf3 Nf6 2. c4 g6 3. b3 Bg7 4. Bb2 O-O 5. g3 d6 6. Bg2 e5 7. O-O Nbd7 8. d3 a5
9. Nc3 Nc5 10. a3 e4 11. Nd4 exd3 12. exd3 Ng4 13. Nce2 Ne5 14. Nc1 Bg4 15. Qc2
Qf6 16. Rb1 Bf3 17. Nxf3 Nxf3+ 18. Kh1 Qf5 19. Bxg7 Kxg7 20. b4 axb4 21. axb4
Ne6 22. Ne2 Qf6 23. Qb2 Qxb2 24. Rxb2 Ne5 25. Bxb7 Nxd3 26. Bxa8 Nxb2 27. Bd5
Nd3 28. b5 Re8 29. Kg2 Nec5 30. Nc3 Nb4 31. Rb1 Nc2 32. Kf1 Nd4 33. Rd1 Nde6 34.
Bc6 Rd8 35. Ra1 Kf6 36. Nd5+ Ke5 37. Ra7 Rc8 38. Ne7 Rf8 39. Bd5 h5 40. h4 Kf6
41. Nc6 g5 42. hxg5+ Kxg5 43. Nb4 Rc8 44. Ra3 Rh8 45. Rf3 Kg6 46. Nc6 Kg7 47.
Ne7 Rb8 48. Nf5+ Kf8 49. Ra3 Kg8 50. Bf3 Ng7 51. Ne7+ Kf8 52. Nd5 Rc8 53. Ra7
Nce6 54. Kg2 Ke8 55. Nf6+ Ke7 56. Bb7 Rd8 57. Nd5+ Kf8 58. Bc6 Rc8 59. Bd7 Rb8
60. Nxc7 Nxc7 61. Rxc7 Ke7 62. Bc6+ Kf6 63. Rd7 Ke6 64. Rb7 Rxb7 65. Bxb7 Ke5
66. Bd5 Ne6 67. b6 h4 68. b7 Nf4+ 69. gxf4+ 1-0

[Event "Cambridge Int Open 2023"]
[Site "Cambridge ENG"]
[Date "2023.02.15"]
[Round "2.5"]
[White "Hobson, Kenneth"]
[Black "Fernandez, Daniel Howard"]
[Result "0-1"]
[BlackTitle "GM"]
[WhiteElo "2051"]
[BlackElo "2481"]
[WhiteFideId "480819"]
[BlackFideId "5801605"]
[EventDate "2023.02.15"]

1. e4 a6 2. d4 b5 3. Bd3 Bb7 4. Be3 e6 5. f4 Ne7 6. Nf3 f5 7. e5 Nd5 8. Qe2 c5
9. c3 Qb6 10. Nbd2 Nc6 11. O-O Rc8 12. Rfc1 c4 13. Bc2 Nxe3 14. Qxe3 Ne7 15. Ng5
h6 16. Nh3 g5 17. fxg5 hxg5 18. Qxg5 Bh6 19. Qf6 Be3+ 20. Nf2 Rg8 0-1

[Event "Cambridge Int Open 2023"]
[Site "Cambridge ENG"]
[Date "2023.02.15"]
[Round "2.6"]
[White "Czopor, Maciej"]
[Black "Volovich, Julia"]
[Result "1-0"]
[WhiteTitle "FM"]
[WhiteElo "2412"]
[BlackElo "1830"]
[WhiteFideId "21805431"]
[BlackFideId "447099"]
[EventDate "2023.02.15"]

1. d4 Nf6 2. c4 g6 3. Nc3 d5 4. Nf3 Bg7 5. Bg5 Ne4 6. Bf4 Nxc3 7. bxc3 dxc4 8.
e4 O-O 9. Bxc4 c5 10. Rc1 cxd4 11. cxd4 Bg4 12. d5 Nd7 13. O-O Ne5 14. Be2 Nxf3+
15. Bxf3 e5 16. Bd2 Bxf3 17. Qxf3 Qd7 18. Qb3 Rac8 19. Rb1 b6 20. a4 Rfd8 21. a5
Rb8 22. Be3 b5 23. a6 Rdc8 24. Rfc1 Bf8 25. h3 Bd6 26. Rxc8+ Qxc8 27. Bxa7 Ra8
28. Be3 Qxa6 29. Qxb5 f5 30. Qd7 1-0

[Event "Cambridge Int Open 2023"]
[Site "Cambridge ENG"]
[Date "2023.02.15"]
[Round "2.7"]
[White "Pousada Garcia, Daniel"]
[Black "Grieve, Harry"]
[Result "1/2-1/2"]
[BlackTitle "IM"]
[WhiteElo "2077"]
[BlackElo "2442"]
[WhiteFideId "2278642"]
[BlackFideId "426520"]
[EventDate "2023.02.15"]

1. e4 e6 2. d4 d5 3. Nc3 Nf6 4. exd5 exd5 5. Bd3 c6 6. Nge2 Bd6 7. Ng3 O-O 8.
O-O Bg4 9. f3 Be6 10. Nf5 Bc7 11. Bg5 Nbd7 12. Qe1 Bxf5 13. Bxf5 h6 14. Bh4 Re8
15. Qf2 Qb8 16. Bg3 g6 17. Bd3 Nf8 18. Rae1 Bxg3 19. Qxg3 Qxg3 20. hxg3 Ne6 21.
Ne2 h5 22. c3 a5 23. Kf2 b5 24. a3 Kf8 25. Nf4 Nc7 26. Re5 Nd7 27. Re2 Rxe2+ 28.
Bxe2 Ne8 29. Nd3 Nd6 30. Rh1 Kg7 31. Ra1 Nc4 32. a4 bxa4 33. Rxa4 Rb8 34. Ra2
Kf6 35. Bd1 Ra8 1/2-1/2

[Event "Cambridge Int Open 2023"]
[Site "Cambridge ENG"]
[Date "2023.02.15"]
[Round "2.8"]
[White "Hebden, Mark L"]
[Black "Kovalskyi, Roman"]
[Result "1-0"]
[WhiteTitle "GM"]
[WhiteElo "2454"]
[BlackElo "2111"]
[WhiteFideId "400084"]
[BlackFideId "14184214"]
[EventDate "2023.02.15"]

1. Nf3 Nf6 2. g3 g6 3. b3 Bg7 4. Bb2 d5 5. Bg2 c5 6. O-O O-O 7. c4 e6 8. cxd5
Nxd5 9. Bxg7 Kxg7 10. d4 Qf6 11. e4 Nb6 12. e5 Qe7 13. dxc5 Qxc5 14. Qd2 Nc6 15.
Rc1 Qe7 16. Nc3 Rd8 17. Qe3 Bd7 18. h4 h6 19. Nh2 Rac8 20. Ng4 Rh8 21. Nf6 Nxe5
22. Nh5+ gxh5 23. Qxe5+ Qf6 24. Qxf6+ Kxf6 25. Bxb7 Rcd8 26. Bf3 Kg6 27. Ne2 e5
28. Rc7 a6 29. Rb7 Rb8 30. Rd1 Bg4 31. Rd6+ Kg7 32. Rdxb6 Rxb7 33. Bxb7 Rb8 34.
Kf1 Bc8 35. Bxc8 Rxb6 36. Ke1 Kg6 37. Nc3 Rc6 38. Nd5 Rc5 39. Bb7 a5 40. Kd2 f5
41. a4 Kf7 42. Ne3 Kg6 43. Nc4 f4 44. Be4+ Kf6 45. Kc3 fxg3 46. fxg3 Rc7 47. b4
axb4+ 48. Kxb4 Rg7 49. a5 Rxg3 50. a6 Rg7 51. Kb5 Rc7 52. Nd6 Ke6 53. Nb7 Rg7
54. a7 Rg8 55. Na5 Kf6 56. Nc4 Ke6 57. Nb6 Rf8 58. Kc5 Rh8 59. Bb7 Kf5 60. Bc8+
Kf4 61. a8=Q 1-0